Applied Psychology for Nurses (Record no. 369267)
[ view plain ]
| 000 -LEADER | |
|---|---|
| fixed length control field | 00544nam a2200193 4500 |
| 005 - DATE AND TIME OF LATEST TRANSACTION | |
| control field | 20260312095117.0 |
| 008 - FIXED-LENGTH DATA ELEMENTS--GENERAL INFORMATION | |
| fixed length control field | 251204b |||||||| |||| 00| 0 eng d |
| 020 ## - INTERNATIONAL STANDARD BOOK NUMBER | |
| International Standard Book Number | 978-93-6616-588-2 |
| 041 ## - LANGUAGE CODE | |
| Language code of text/sound track or separate title | Eng |
| 082 ## - DEWEY DECIMAL CLASSIFICATION NUMBER | |
| Edition number | 6th ed. |
| Classification number | PY 150 SRE B11932 |
| 100 ## - MAIN ENTRY--PERSONAL NAME | |
| Author | Sreevani R |
| 245 ## - TITLE STATEMENT | |
| Title | Applied Psychology for Nurses |
| 260 ## - PUBLICATION, DISTRIBUTION, ETC. | |
| Place of publication, distribution, etc. | New Delhi |
| Name of publisher, distributor, etc. | Jaypee Brothers |
| Date of publication, distribution, etc. | 2025 |
| 300 ## - PHYSICAL DESCRIPTION | |
| Extent | 289p |
| Other physical details | pb |
| Dimensions | 24x17cm |
| 365 ## - TRADE PRICE | |
| Price type code | Rupaye |
| Price amount | 595 |
| Currency code | INR |
| 521 ## - TARGET AUDIENCE NOTE | |
| Target audience note | Applied Psychology for Nurses for Sem 1 |
| 650 ## - SUBJECT ADDED ENTRY--TOPICAL TERM | |
| Topical term or geographic name entry element | Psychology |
| 942 ## - ADDED ENTRY ELEMENTS (KOHA) | |
| Koha item type | Books |
| Withdrawn status | Lost status | Source of classification or shelving scheme | Damaged status | Not for loan | Collection code | Home library | Current library | Date acquired | Vendor | Net Price | Bill number | Total Checkouts | Full call number | Barcode | Date last seen | Discount | Actual Price | Bill Date | Koha item type | Original Barcode | Total Renewals | Date due | Date last checked out |
|---|---|---|---|---|---|---|---|---|---|---|---|---|---|---|---|---|---|---|---|---|---|---|---|
| Dewey Decimal Classification | Reference | Reference | Smt. Bakul Tambat Institute of Nursing Education | Smt. Bakul Tambat Institute of Nursing Education | 18/11/2025 | Patil Medical Book | 368.90 | 2026 | PY 150 SRE B11932 | BTIN-BK-11932 | 04/12/2025 | 38% | 595.00 | 29/10/2025 | Books | BTIN-BK-11932 | |||||||
| Dewey Decimal Classification | Smt. Bakul Tambat Institute of Nursing Education | Smt. Bakul Tambat Institute of Nursing Education | 18/11/2025 | Patil Medical Book | 368.90 | 2026 | 7 | PY 150 SRE B11933 | BTIN-BK-11933 | 18/03/2026 | 38% | 595.00 | 29/10/2025 | Books | BTIN-BK-11933 | 3 | 07/04/2026 | 18/03/2026 | |||||
| Dewey Decimal Classification | Smt. Bakul Tambat Institute of Nursing Education | Smt. Bakul Tambat Institute of Nursing Education | 18/11/2025 | Patil Medical Book | 368.90 | 2026 | 5 | PY 150 SRE B11934 | BTIN-BK-11934 | 23/03/2026 | 38% | 595.00 | 29/10/2025 | Books | BTIN-BK-11934 | 4 | 07/04/2026 | 23/03/2026 | |||||
| Dewey Decimal Classification | Smt. Bakul Tambat Institute of Nursing Education | Smt. Bakul Tambat Institute of Nursing Education | 18/11/2025 | Patil Medical Book | 368.90 | 2026 | 6 | PY 150 SRE B11935 | BTIN-BK-11935 | 20/03/2026 | 38% | 595.00 | 29/10/2025 | Books | BTIN-BK-11935 | 7 | 07/04/2026 | 20/03/2026 | |||||
| Dewey Decimal Classification | Smt. Bakul Tambat Institute of Nursing Education | Smt. Bakul Tambat Institute of Nursing Education | 18/11/2025 | Patil Medical Book | 368.90 | 2026 | 6 | PY 150 SRE B11936 | BTIN-BK-11936 | 24/03/2026 | 38% | 595.00 | 29/10/2025 | Books | BTIN-BK-11936 | 6 | 07/04/2026 | 24/03/2026 | |||||
| Dewey Decimal Classification | Smt. Bakul Tambat Institute of Nursing Education | Smt. Bakul Tambat Institute of Nursing Education | 18/11/2025 | Patil Medical Book | 368.90 | 2026 | 6 | PY 150 SRE B11937 | BTIN-BK-11937 | 23/03/2026 | 38% | 595.00 | 29/10/2025 | Books | BTIN-BK-11937 | 3 | 07/04/2026 | 23/03/2026 | |||||
| Dewey Decimal Classification | Smt. Bakul Tambat Institute of Nursing Education | Smt. Bakul Tambat Institute of Nursing Education | 18/11/2025 | Patil Medical Book | 368.90 | 2026 | 4 | PY 150 SRE B11938 | BTIN-BK-11938 | 24/03/2026 | 38% | 595.00 | 29/10/2025 | Books | BTIN-BK-11938 | 3 | 07/04/2026 | 24/03/2026 | |||||
| Dewey Decimal Classification | Smt. Bakul Tambat Institute of Nursing Education | Smt. Bakul Tambat Institute of Nursing Education | 18/11/2025 | Patil Medical Book | 368.90 | 2026 | 5 | PY 150 SRE B11939 | BTIN-BK-11939 | 27/03/2026 | 38% | 595.00 | 29/10/2025 | Books | BTIN-BK-11939 | 4 | 07/04/2026 | 27/03/2026 | |||||
| Dewey Decimal Classification | Smt. Bakul Tambat Institute of Nursing Education | Smt. Bakul Tambat Institute of Nursing Education | 18/11/2025 | Patil Medical Book | 368.90 | 2026 | 6 | PY 150 SRE B11940 | BTIN-BK-11940 | 23/03/2026 | 38% | 595.00 | 29/10/2025 | Books | BTIN-BK-11940 | 1 | 07/04/2026 | 23/03/2026 | |||||
| Dewey Decimal Classification | Smt. Bakul Tambat Institute of Nursing Education | Smt. Bakul Tambat Institute of Nursing Education | 18/11/2025 | Patil Medical Book | 368.90 | 2026 | 6 | PY 150 SRE B11941 | BTIN-BK-11941 | 20/03/2026 | 38% | 595.00 | 29/10/2025 | Books | BTIN-BK-11941 | 1 | 07/04/2026 | 20/03/2026 |